KRAJE NA LITERE M - Statystyki

Ogólne statystyki
  • Ten quiz został rozwiązany 242 razy
  • Średni wynik to 11 z 17
Statystyki odpowiedzi
KRAJ
% Poprawnych
Macedonia Północna
79%
Maroko
77%
Malezja
76%
Malta
76%
Mołdawia
76%
Monako
72%
Meksyk
67%
Madagaskar
66%
Mongolia
65%
Malediwy
59%
Mali
58%
Mauretania
58%
Mikronezja
51%
Mjanma *
50%
Mauritius
49%
Mozambik
48%
Malawi
41%
Nie znaleziono quizów pasujących do podanych kryteriów
Rozkład punktacji
Procent ludzi z każdym wynikiem
Percentyl według liczby udzielonych odpowiedzi
Twoja historia wyników
Nie rozwiązałeś tego quizu